Bug Type Pokemon Abilities - Statistics

General Stats
  • This quiz has been taken 69 times
  • The average score is 53 of 80
Answer Stats
Gen Ability % Correct
3 Speed Boost
100%
3 Compoundeyes
96%
3 Swarm
96%
5 Flame Body
91%
4 Multitype
91%
5 Poison Point
91%
3 Shield Dust
91%
7 Wimp Out
91%
3 Wonder Guard
91%
7 Beast Boost
87%
7 Emergency Exit
87%
7 RKS System
87%
3 Swift Swim
87%
7 Battery
83%
7 Levitate
83%
4 Technician
83%
4 Tinted Lens
83%
7 Water Bubble
83%
3 Effect Spore
78%
3 Hyper Cutter
78%
3 Sturdy
78%
7 Water Absorb
78%
6 Adaptability
74%
5 Chlorophyll
74%
5 Download
74%
4 Honey Gather
74%
5 Hustle
74%
4 Mold Breaker
74%
5 Moxie
74%
4 Pressure
74%
5 Rain Dish
74%
3 Shed Skin
74%
5 Shell Armor
74%
3 Battle Armor
70%
6 Friend Guard
70%
3 Guts
70%
3 Intimidate
70%
5 Leaf Guard
70%
9 Protosynthesis
70%
5 Unnerve
70%
6 Aerilate
65%
4 Anticipation
65%
4 Dry Skin
65%
8 Flash Fire
61%
5 Keen Eye
61%
3 Oblivious
61%
5 Overcoat
61%
5 Run Away
61%
5 Weak Armor
61%
5 Contrary
57%
5 Damp
57%
4 Gluttony
57%
8 Ice Scales
57%
3 Illuminate
57%
3 Insomnia
57%
4 Sniper
57%
8 Telepathy
57%
6 Frisk
52%
5 Iron Fist
52%
5 Quick Feet
52%
5 Rattled
52%
9 Sharpness
52%
6 Skill Link
52%
5 Truant
52%
3 Early Bird
48%
5 Light Metal
48%
5 Prankster
48%
9 Stakeout
48%
5 Sticky Hold
48%
5 Unburden
48%
5 Wonder Skin
48%
5 Hydration
43%
6 Infiltrator
43%
5 No Guard
43%
5 Rivalry
43%
8 Sheer Force
43%
7 Sweet Veil
39%
9 Synchronize
39%
5 Steadfast
35%
8 White Smoke
35%
No matching quizzes found
Score Distribution
Percent of People with Each Score
Percentile by Number Answered
Your Score History
You have not taken this quiz